00630nam a2200181Ia 450000500170000000800410001702000150005808200130007310000530008624500670013925000200020626000620022630000150028865000270030394200060033095200970033699900150043320240604000324.0240331s9999 xx 000 0 und d a0644295953 bNATa362 aNational Committee on violence against women. ed 0aNational Committee on violence against women :bPosition paper aSecond Edition  aCanberrabAustralian Government Publishing Service c1994 aiii,22 p., aViolence against Women cL 001040708LaWERCLbWERCLcSSCd2024-03-31l0o 362.8 NATp3707r2024-03-31w2024-03-31yL c2895d2895